<?xml version="1.0" encoding="UTF-8"?>
<marc:record xmlns:marc="http://www.loc.gov/MARC21/slim">
   <marc:leader>00000nam a2200000 a 4500</marc:leader>
   <marc:datafield ind1="1" ind2=" " tag="100">
      <marc:subfield code="a">Terry, Teri</marc:subfield>
      <marc:subfield code="4">aut</marc:subfield>
      <marc:subfield code="e">Verfasser/-in</marc:subfield>
   </marc:datafield>
   <marc:datafield ind1="1" ind2=" " tag="100">
      <marc:subfield code="a">Knese, Petra</marc:subfield>
   </marc:datafield>
   <marc:datafield ind1=" " ind2=" " tag="653">
      <marc:subfield code="a">Brückenliteratur</marc:subfield>
   </marc:datafield>
   <marc:datafield ind1=" " ind2=" " tag="653">
      <marc:subfield code="a">Science Fiction</marc:subfield>
   </marc:datafield>
   <marc:datafield ind1="0" ind2="0" tag="245">
      <marc:subfield code="a">Exit Now!</marc:subfield>
   </marc:datafield>
   <marc:datafield ind1="0" ind2="0" tag="245">
      <marc:subfield code="c">Terry, Teri</marc:subfield>
   </marc:datafield>
   <marc:datafield ind1=" " ind2="1" tag="264">
      <marc:subfield code="a">Münster</marc:subfield>
      <marc:subfield code="b">Coppenrath</marc:subfield>
      <marc:subfield code="c">2019</marc:subfield>
   </marc:datafield>
   <marc:datafield ind1="1" ind2=" " tag="520">
      <marc:subfield code="a">Großbritannien nach dem Brexit: Die 15-jährige Sam lebt in einem goldenen Käfig. Hohe Mauern schirmen sie ab vor bettelnden Familien. Panzerglas schützt sie vor Bombenanschlägen. Auf Empfängen lächelt sie zu den Reden ihres einflussreichen Vaters. Doch als Sam die zwei Jahre ältere Ava kennenlernt, erwacht sie aus ihrer Erstarrung: Wieso gibt die Regierung den Jugendlichen die Schuld am Terror im Land? Warum kontrolliert die Polizei plötzlich ihre Handys und jede ihrer Bewegungen? Wohin verschwinden so viele Mädchen aus ihrer Schule? Sam und Ava fühlen sich, als würde ihnen die Luft zum Atmen genommen und sie wollen sich wehren. Aber wie, wenn das ganze Land sich gegen sie wendet? Das Prequel zu Teri Terrys erfolgreicher "Gelöscht"-Trilogie: packend und erschreckend aktuell!</marc:subfield>
   </marc:datafield>
   <marc:datafield ind1=" " ind2=" " tag="020">
      <marc:subfield code="a">9783649633747</marc:subfield>
      <marc:subfield code="9">9783649633747</marc:subfield>
   </marc:datafield>
   <marc:datafield ind1=" " ind2=" " tag="020">
      <marc:subfield code="a">3649633744</marc:subfield>
      <marc:subfield code="9">3649633744</marc:subfield>
   </marc:datafield>
   <marc:datafield ind1="3" ind2=" " tag="024">
      <marc:subfield code="a">9783649633747</marc:subfield>
   </marc:datafield>
   <marc:datafield ind1="0" ind2=" " tag="490">
      <marc:subfield code="v">0</marc:subfield>
   </marc:datafield>
   <marc:datafield ind1=" " ind2=" " tag="338">
      <marc:subfield code="a">Band</marc:subfield>
   </marc:datafield>
   <marc:datafield ind1=" " ind2=" " tag="300">
      <marc:subfield code="a">493 S.</marc:subfield>
   </marc:datafield>
</marc:record>
